LEADER 01239nam a2200277 i 4500 001 000000131415 003 CaOOAMICUS 005 20250603150530.0 008 041120s1968 it u000 u ita u 040 $aSeMil$bita 100 1 $aLaxness, Halldór Kiljan ,$d<1902-1998>.$0(OLS)http://semarc/name/31492 245 00$aHalldór Laxness :$bpremio Nobel per la letteratura 1955. 246 08$aRomanzi 264 1$aMilano :$bFratelli Fabbri Editori,$c1968. 300 $a670 p. ;$c23 cm. 490 1 $aI premi Nobel per la letteratura ;$v51. 500 $aContiene: Base atomica in Islanda ; Cronache di Brekkunkot 600 14$aLaxness, Halldór Kiljan <1902-1998>.$0(OLS)http://semarc/subject/57724 830 2$aI premi Nobel per la letteratura ;$v51.$0(OLS)http://semarc/title/407024 850 $aSeMil 852 $aSeMil$W1$xVenegono$y1$m1W V 343$j257719$B85393$CSeMilBibl$Z2$F89270 $81 961 $aRecupero: Seminario di Seveso 996 $6245$aHalldór Laxness :$bpremio Nobel per la letteratura 1955$9(OLS)http://semarc/title/454108 996 $6246$aRomanzi$9(OLS)http://semarc/title/426285 996 $6264$aMilano :$bFratelli Fabbri Editori$9(OLS)http://semarc/publisher/29845 LEADER 01046nas a2200181 i 4500 001 000000012168 003 CaOOAMICUS 005 20180830125441.0 008 180830n gw u0 und u 040 $aSeMil$bita 245 10$aRömische Quartalschrift für christliche Altertumskunde und Kirchengeschichte. Supplementhefte /$cHerausgegeben im Auftrag des Priesterkollegs am Campo Santo Teutonico in Rom und des Römischen Instituts der Görres-Gesellschaft. 260 $aRoma ; Freiburg ; Wien :$bHerder,$c[1890] 300 $av. ;$c25 cm. 700 1 $aGörres-Gesellschaft : Römischer Institut.$0(OLS)http://semarc/name/5828 700 1 $aPriesterkollegs .$0(OLS)http://semarc/name/5827 774 0 $tCampo Santo Teutonico in Rom.$dRoma ; Freiburg ; Wien : Herder, copyr. 1988.$g43$w()12169 996 $6245$aRömische Quartalschrift für christliche Altertumskunde und Kirchengeschichte. Supplementhefte$9(OLS)http://semarc/title/16140 996 $6260$aRoma ; Freiburg ; Wien :$bHerder$9(OLS)http://semarc/publisher/31161